Монгол туургатны аман зохиолын чуулган (Бичлэгийн дугаар. 76251)

MARC дэлгэрэнгүй
000 -Удирдлага
Ном зүйн бүртгэл тоо буюу кодлох утгыг агуулсан 01336 a2200217 4500
003 - ХЯНАЛТЫН ТОО ТОДОРХОЙЛОГЧ
Код MN-UlNLM
005 - ХАМГИЙН СҮҮЛИЙН ҮЕИЙН ХЭЛЦЛИЙН ОГНОО БА ЦАГ
Тухайн бичилтийг бичсэн засварласан сүүлийн огноо. 20220413110235.0
008 - ЕРӨНХИЙ МЭДЭЭЛЭЛ-ЭЛЕМЕНТҮҮДИЙН ӨГӨГДЛИЙН УРТ
fixed length control field a130t16b mp ||||| |||| 00| 0 mon d
020 ## - ОЛОН УЛСЫН СТАНДАРТ НОМЫН ДУГААР-ISBN
Олон Улсын Стандарт Номын Дугаар 978-99929-65-79-7
040 ## - ЭХ СУРВАЛЖИЙГ ТОДОРХОЙЛОН БИЧИХ
Анхны каталогийн байгууллага Монгол Улсын Үндэсний номын сан
084 ## - БУСАД АНГИЛЛЫН ДУГААР
Анги 82.3(5Мон)-6
Ангиллын нэр Номын сан номзүйн ангилал
Зохиогчийн 3-н тэмдэгт М 692
Шинжлэх ухааны мэдлэгийн салбар Ардын аман зохиол, утга зохиол - 82
245 0# - ҮНДСЭН ГАРЧИГ
Гарчиг Монгол туургатны аман зохиолын чуулган
Оролцогчдын тухай мэдээ Эмхт. Г.Ловор, Л.Золбаяр
260 1# - ГАРАЛТЫН ТУХАЙ МЭДЭЭ
Хэвлэгдсэн газар УБ
Хэвлэлийн газар Сэлэнгэпресс
Хэвлэгдсэн он 2009
300 ## - ТООНЫ МЭДЭЭ
Хуудасны тоо 364х
546 ## - ХЭЛНИЙ ТУХАЙ МЭДЭЭ
Хэл
653 ## - ТҮЛХҮҮР ҮГС
Түлхүүр үг Ардын аман зохиол, утга зохиол
740 ## - НОМЫН АГУУЛГЫН ГАРЧИГ
Номын гарчгууд Монгол туургатны аман зохиол судлалыг товчоолон өгүүлэх удиртгал.
-- Зүйр цэцэн үг.
-- Ертөнцийн гурав.
-- Оньсого таавар.
-- Ардын дуу.
-- Ардын жүжиг наадмын аман зохиол.
-- Зан үйлийн аман зохиол.
-- Аман хууль.
-- Ерөөл.
-- Магтаал.
-- Хүүхдийн аман зохиол.
-- Бөөгийн яруу найраг.
-- Үлгэр.
-- Ардын домог.
-- Хууч яриа.
-- Шог хошин яриа.
-- Баатарлаг тууль.
-- Орчин үеийн аман зохиол.
856 ## - ЭЛЕКТРОН БАЙРЛАЛ БА ХОЛБООС
Төрөл Хэвлэмэл ном
942 ## - ЭЛЕМЕНТИЙН ТӨРӨЛ
Төрөл Ном
Захиалгууд
Буцаан татагдсан төлөв Хасагдсан шалтгаан Гэмтсэн төлөв Данс заагч Захиалах боломжгүй Үндсэн номын сан Одоогийн байршил Салбар танхим Сан хөмрөг 5 Бүртгэсэн огноо Тавиурын заалт Баркод Үнэ Хамгийн сүүлд байсан огноо Салбар Нийт уншлаганд гарсан тоо Хамгийн сүүлд уншлаганд гарсан огноо Төрөл Бүрдүүлэлтийн эх үүсвэр Уншигчдад зориулсан мэдээлэл
          МУҮНомын сан салбар МУҮНомын сан салбар МУҮНС салбар | Язгуур танхим 8 давхар МУҮНС салбар | Язгуур танхим 8 давхар 2021-09-01 15132 03015132 20350.00 2024-10-27 0000030151 9 2024-10-27 Ном    
          МУҮНомын сан салбар МУҮНомын сан салбар МУҮНС салбар | Цахим танхим 3 давхар МУҮНС салбар | Цахим танхим 3 давхар 2022-02-09 775 000911000775 5240.00 2022-02-09       Цахим материал Худалдан авсан Киндлээр уншина